Implementación del algoritmo de modulación de ancho de pulso por vector espacial adaptativo
Zapisane w:
| 1. autor: | |
|---|---|
| Kolejni autorzy: | |
| Format: | Książka |
| Język: | Spanish |
| Wydane: |
[San José], Costa Rica
2013
|
| Hasła przedmiotowe: | |
| Etykiety: |
Dodaj etykietę
Nie ma etykietki, Dołącz pierwszą etykiete!
|
MARC
| LEADER | 00000nam a22000007a 4500 | ||
|---|---|---|---|
| 003 | 011828 | ||
| 005 | 20230816084245.0 | ||
| 008 | 150323b2013 cr a|||| |||| 00| 0 spa d | ||
| 040 | |c cru CEDI | ||
| 090 | |a TFG 6997 | ||
| 100 | |9 1061 |a Rojas Lizano, Erick Steven, 1988- | ||
| 245 | |a Implementación del algoritmo de modulación de ancho de pulso por vector espacial adaptativo | ||
| 260 | |a [San José], Costa Rica |c 2013 | ||
| 300 | |a xi, 56 páginas : ilustraciones (algunas a color) | ||
| 500 | |a Proyecto de graduación (bachillerato en ingeniería eléctrica)-- Universidad de Costa Rica. Facultad de Ingeniería. Escuela de Ingeniería Eléctrica | ||
| 501 | |a Profesor Guía de IE-0499 Proyecto Eléctrico: Ing. Mauricio Espinoza Bolaños | ||
| 650 | |x SISTEMAS DE CONTROL |x MOTORES ELECTRICOS DE INDUCCION |x INVERSORES ELECTRICOS |x MICROCONTROLADORES |9 657 | ||
| 700 | |9 739 |a Espinoza Bolaños, Mauricio, 1986- |d Director de Proyecto Eléctrico | ||
| 942 | |c CEDI |h TFG 6997 |6 TFG_6997_000000000000000 | ||
| 999 | |c 13787 |d 13787 | ||
